000 00650nam a2200229Ia 4500
003 OSt
005 20220926010858.0
006 a|||||r|||| 00| 0
007 ta
008 220923b |||||||| |||| 00| 0 eng d
037 _cGeneral Book
040 _aRTL
_cRTL
_beng
041 _2eng
_aeng
082 _aX:8T6, M4
100 _aOncken William
_9313238
245 0 _aManaging management time
_b Whe's got the monkey
260 _aNew Jersey
_bPrentice Hall
_c1984
300 _axviii, 244p.
_ccm.
650 _aPublic Relation Management
942 _hX:8T6, M4
_cGB
_2CC
999 _c618616
_d618616